000 00447nam a2200157Ia 4500
005 20250423095144.0
008 250422s9999 xx 000 0 und d
020 _a0- 471- 27180- 2
050 _aQC 760 .P38/
100 _aClayton R. Paul
245 0 _aElectromagnetics for engineers: with applications to digital systems and electromagnetic interference
260 _bJohn Wiley and Sons
260 _c2004
300 _a403 p
942 _cBK
999 _c29411
_d29411